Practical Bookkeeping and Accounts / (Record no. 185933)

000 -LEADER
fixed length control field 00998 a2200169 4500
003 - CONTROL NUMBER IDENTIFIER
control field Nust
005 - DATE AND TIME OF LATEST TRANSACTION
control field 20230321121201.0
040 ## - CATALOGING SOURCE
Transcribing agency Nust
082 ## - DEWEY DECIMAL CLASSIFICATION NUMBER
Classification number 657.2,FAV
100 ## - MAIN ENTRY--PERSONAL NAME
Personal name Favell, A.J
9 (RLIN) 110826
245 ## - TITLE STATEMENT
Title Practical Bookkeeping and Accounts /
Statement of responsibility, etc. A.J Favell
260 ## - PUBLICATION, DISTRIBUTION, ETC.
Place of publication, distribution, etc. London
Name of publisher, distributor, etc. University Tutorial press
Date of publication, distribution, etc. 1935
300 ## - PHYSICAL DESCRIPTION
Extent 354:p
505 ## - FORMATTED CONTENTS NOTE
Formatted contents note Introductory (Page-1), The Ledger (Page-3), The Question of Profit (Page-11), The Question of Story (Page-19), The Trial Balance (Page-35), The Classification of Expenses (Page-46), Concerning the Sales Returns Books (Page-51), Concerning the Purchase Day Book (Page-56), Concerning the Purchases (Page-69), Concerning the Journal and its use (Page-74), Trade Discounts (Page-83), Cash Discount and the Cash Book (Page-88), The Columnar Petty Cash Book (Page-93), Various Banking Matters (Page-107), A Worked d Example (Page-105), General Priceless and Sub Division of the Ledgers (Page-124).
650 ## - SUBJECT ADDED ENTRY--TOPICAL TERM
Topical term or geographic name entry element Accounts
9 (RLIN) 110827
942 ## - ADDED ENTRY ELEMENTS (KOHA)
Source of classification or shelving scheme
Koha item type Book
Holdings
Withdrawn status Lost status Source of classification or shelving scheme Damaged status Not for loan Permanent Location Current Location Shelving location Date acquired Full call number Barcode Date last seen Price effective from Koha item type Public note
          Military College of Signals (MCS) Military College of Signals (MCS) General Stacks 12/12/2016 657.2,FAV MCS30030 12/08/2016 12/12/2016 Book Almirah No.75, Shelf No.1
© 2023 Central Library, National University of Sciences and Technology. All Rights Reserved.